000 00839 a2200241 4500
001 126888
020 _a0439318319
040 _cEscola Canadense de Niteroi
090 _aS2 - HER
100 _aHerman, Gail
245 1 0 _aSea monster scare
260 _aNew York
300 _a32 p.
_c6 x 0.25 x 9 inches
362 0 _a2002
490 0 _aHello reader! Level 2
520 _aScooby-Doo and the gang are enjoying a relaxing day at the beach. Sun, sand, snacks, and... sea monsters? "Ro Way!" says Scooby. But if it wasn't a sea monster, what destroyed the gang's sand castle? And where is the gang? Scooby and Shaggy have to find them--fast!
650 4 _aDetective Stories
650 4 _aMonsters
650 4 _aChildren's Literature
650 4 _aMystery, Thriller or Terror
650 4 _aSolving Mysteries
942 _cBK
999 _c126888
_d126888